Recent developments in housing law (Record no. 68209)

MARC details
000 -LEADER
fixed length control field 00552cam a2200205 4500
001 - CONTROL NUMBER
control field ABS64382
008 - FIXED-LENGTH DATA ELEMENTS--GENERAL INFORMATION
fixed length control field 010910n2001 000 0 eng u
035 ## - SYSTEM CONTROL NUMBER
System control number (Sirsi) u114493
100 ## - MAIN ENTRY--PERSONAL NAME
Personal name Luba, J
245 ## - TITLE STATEMENT
Title Recent developments in housing law
260 ## - PUBLICATION, DISTRIBUTION, ETC.
Date of publication, distribution, etc. 2001
490 ## - SERIES STATEMENT
Series statement Legal Action
Volume/sequential designation September 2001, 23-26(4)
520 ## - SUMMARY, ETC.
Summary, etc. Presents recent developments in housing law, looking at cases relevant to housing.
590 ## - LOCAL NOTE (RLIN)
Local note ABS
650 ## - SUBJECT ADDED ENTRY--TOPICAL TERM
Topical term or geographic name entry element HOUSING LAW
650 ## - SUBJECT ADDED ENTRY--TOPICAL TERM
Topical term or geographic name entry element CASE LAW
690 ## - LOCAL SUBJECT ADDED ENTRY--TOPICAL TERM (OCLC, RLIN)
Topical term or geographic name as entry element HOUSING
700 ## - ADDED ENTRY--PERSONAL NAME
Personal name Madge, N
942 ## - ADDED ENTRY ELEMENTS (KOHA)
Suppress in OPAC 0
Holdings
Withdrawn status Lost status Source of classification or shelving scheme Damaged status Not for loan Home library Current library Shelving location Date acquired Total Checkouts Full call number Barcode Date last seen Copy number Price effective from Koha item type
    Dewey Decimal Classification     London London Journal article 10/09/2001   ABS64382 114493-1001 06/08/2019 1 06/08/2019 Journal article